• 首页
  • 本馆介绍
  • 公告通知
  • 最新文献
  • 馆藏检索
  • 电子资源
  • 读者荐购
  • 参考咨询
  • CALIS
  • 我的图书馆
  • 登录
  • 详细信息显示
  • 放入我的书架
  • 预约/预借图书
  • 作者相关作品
  • 分类相关作品
  • 丛书相关作品
  • 出版社相关作品

书目信息

  • 表格格式
  • 工作单格式
  • 卡片格式
题名:
环境艺术设计概论
    
 
作者: 刘岚 , 王志鸿 编著
分册:  
出版信息: 北京   中国电力出版社  2025.05
页数: 128页
开本: 28cm
丛书名: 艺术与设计系列
单 册:
中图分类: TU-856
科图分类:
主题词: 环境设计--huan jing she ji--概论
电子资源:
ISBN: 978-7-5198-9879-3
 
 
 
 
 
000 01411nam 2200313 450
001 93250
005 20250818205643.34
010    @a978-7-5198-9879-3@dCNY59.80
100    @a20250625d2025 em y0chiy50 ea
101 0  @achi
102    @aCN@b110000
105    @aa a 000yy
106    @ar
200 1  @a环境艺术设计概论@Ahuan jing yi shu she ji gai lun@d= Introduction to environment art design@f刘岚, 王志鸿编著@zeng
205    @a第2版
210    @a北京@c中国电力出版社@d2025.05
215    @a128页@c图@d28cm
225 2  @a艺术与设计系列@Ayi shu yu she ji xi lie
314    @a刘岚, 宁波财经学院教授, 国家一流课程、省一流学科、省一流专业、省虚拟教研室负责人;浙江省景观与建设行业协会常务委员、宁波市领军拔尖人才。王志鸿, 讲师, 硕士, 就职于湖北理工学院艺术学院环境设计系。长期从事室内设计、景观设计的研究及专业课的教学工作, 公开发表多篇学术论文。
320    @a有书目
330    @a本书共分八章, 包括环境艺术设计定义与概念、环境艺术设计的历史与发展、环境艺术设计理论与设计原则、环境艺术设计实践、环境空间设计、人体工程学、心理学与环境设计、环境艺术设计技术、环境艺术设计案例赏析。
410  0 @12001 @a艺术与设计系列
510 1  @aIntroduction to environment art design@zeng
606 0  @a环境设计@Ahuan jing she ji@x概论
690    @aTU-856@v5
701  0 @a刘岚@Aliu lan@4编著
701  0 @a王志鸿@Awang zhi hong@4编著
801  0 @aCN@c20250909
905    @a河南城建学院图书馆@dTU-856@eL645=2@f1
    
    环境艺术设计概论= Introduction to environment art design/刘岚, 王志鸿编著.-第2版.-北京:中国电力出版社,2025.05
    128页:图;28cm.-(艺术与设计系列)
    
    
    ISBN 978-7-5198-9879-3:CNY59.80
    本书共分八章, 包括环境艺术设计定义与概念、环境艺术设计的历史与发展、环境艺术设计理论与设计原则、环境艺术设计实践、环境空间设计、人体工程学、心理学与环境设计、环境艺术设计技术、环境艺术设计案例赏析。
●
相关链接 在E读中查询图书 在当当中查询图书 在豆瓣中查询图书


正题名:环境艺术设计概论     索取号:TU-856/L645=2         预约/预借

序号 登录号 条形码 馆藏地/架位号 状态 备注
1 1627208   216272085   建筑库101/101建筑库 18排1列1层/ [索取号:TU-856/L645=2] 在馆    
河南城建学院图书馆 欢迎您!
大连网信软件有限公司© 版权所有